| 000 | 00446nam a22001697a 4500 | ||
|---|---|---|---|
| 003 | MACL | ||
| 005 | 20160119124157.0 | ||
| 008 | 160119b xxu||||| |||| 00| 0 eng d | ||
| 040 | _cMACL | ||
| 041 | _aEnglish | ||
| 082 | _a710/MIL | ||
| 100 |
_aMilner,Henry Ernest _933125 |
||
| 245 | _aThe Art and Practice of Landscape Gardening | ||
| 260 |
_aLondon _bThe Author Dulwich Wood Norwood _c1890 |
||
| 650 |
_aGardening _917630 |
||
| 942 |
_2ddc _cBK |
||
| 999 |
_c52788 _d52788 |
||